Statistics for All 4-Letter Words Starting with “E”

Click here to take the quiz!

General Stats

  • This quiz has been taken 941 times
    (143 since last reset)
  • The average score is 39 of 113

Answer Stats

Word% Correct
ears
89%
east
87%
eats
85%
easy
83%
ever
81%
ease
80%
ends
80%
even
78%
ewes
77%
eyes
77%
eggs
76%
eels
75%
eves
75%
earn
74%
each
72%
earl
69%
echo
68%
exit
67%
elms
65%
elks
63%
ebbs
61%
errs
61%
eras
60%
epic
58%
emit
56%
eons
56%
eddy
53%
edge
53%
eggy
53%
ells
53%
else
53%
exes
53%
eave
52%
egos
52%
eyed
52%
etch
49%
evil
49%
edit
48%
ekes
47%
eyer
46%
emus
45%
emos
44%
eath
43%
ewer
42%
effs
40%
eros
40%
exed
36%
edgy
35%
exam
35%
elan
34%
ergo
33%
euro
33%
eyen
32%
emmy
29%
epee
29%
ergs
29%
envy
28%
eked
26%
exon
25%
eery
24%
exec
24%
ecru
23%
elds
23%
expo
23%
eyre
23%
ecos
22%
efts
22%
emir
22%
erns
21%
etas
21%
eely
19%
esse
19%
ests
19%
eaux
18%
emes
18%
egad
17%
espy
17%
ebon
16%
epos
16%
eths
16%
erst
15%
egal
14%
engs
13%
erne
13%
etic
13%
elmy
12%
etui
12%
etna
11%
eche
9%
eses
9%
enuf
8%
ecus
7%
eddo
7%
eger
7%
enow
7%
eyas
7%
echt
6%
edhs
6%
enol
6%
egis
5%
eide
5%
emic
5%
epha
5%
eyry
5%
eyne
4%
eeew
3%
elhi
3%
emeu
3%
esne
3%
eyra
3%
ekka
2%
eruv
2%
emyd
1%

Score Distribution

Percentile by Number Answered

Percent of People with Each Score

Your Score History

You have not taken this quiz since the last reset